Alle Städte in NRW nach Buchstabe - D - Statistiken

Allgemein
  • Dieses Quiz wurde 197 mal gespielt
  • Das Durchschnittsergebnis liegt bei 10 aus 15
Antworten auf der Karte
Die Antworten werden auf der Karte rot bzw. grün angezeigt, abhängig davon wie oft sie richtig erraten wurden.
 
Antwortstatistiken
Name % Korrekt
Dortmund
93%
Düsseldorf
92%
Duisburg
90%
Düren
89%
Detmold
79%
Dorsten
78%
Dinslaken
76%
Datteln
67%
Dormagen
60%
Dülmen
59%
Drensteinfurt
41%
Drolshagen
41%
Delbrück
35%
Dörentrup
31%
Dahlem
29%
Keine übereinstimmenden Quizze gefunden
Verteilung der Resultate
Anzahl Personen mit jedem Resultat
Perzentil nach korrekt beantworteten Fragen
Ihre Resultats-Entwicklung
Sie haben dieses Quiz noch nicht gespielt